Social Pharmacy/ (Record no. 215136)

MARC details
000 -LEADER
fixed length control field 00611nam a22001817a 4500
005 - DATE AND TIME OF LATEST TRANSACTION
control field 20260301151714.0
010 ## - LCCN (DPL NO)
LC control number BACEN26
020 ## - INTERNATIONAL STANDARD BOOK NUMBER
International Standard Book Number 9789371057202
Terms of availability 1695.00
037 ## - SOURCE OF ACQUISITION
Source of stock number/acquisition Himalaya Publishing House
082 ## - DEWEY DECIMAL CLASSIFICATION NUMBER
Classification number 344.540
100 ## - MAIN ENTRY--PERSONAL NAME
Personal name Sharma, Satish K.
245 ## - TITLE STATEMENT
Title Social Pharmacy/
Statement of responsibility, etc Satish K. Sharma [and] Tanuja Singh
260 ## - PUBLICATION, DISTRIBUTION, ETC. (IMPRINT)
Place of publication, distribution, etc Mumbai
Name of publisher, distributor, etc Himalaya Publishing House
Date of publication, distribution, etc 2025
270 ## - ADDRESS
Address Bhalero Marg, Girgaon, Mumbai
City Mumbai
Postal code 400004
Telephone number 02223860170
Electronic mail address himpub@bharatmail.co.in;
300 ## - PHYSICAL DESCRIPTION
Extent 293 p.
Dimensions 26cm(pb)
700 ## - ADDED ENTRY--PERSONAL NAME
Personal name Tanuja Singh
9 (RLIN) 87704
942 ## - ADDED ENTRY ELEMENTS (KOHA)
Source of classification or shelving scheme Dewey Decimal Classification
Item type English Books
Call number suffix SHA
Classification part 344.540

No items available.


© Delhi Public Library
Hit Counter
free hit counter